000 00638nam a22002417a 4500
003 UA-OsUOA
001 104392
007 ta
008 20131217b un ||||| |||| 00| 0 ukr d
100 _aБоровко М. М.
090 _a821.161.2
_bБ83
942 _cBK
040 _aUA-OsUOA
_bukr
_cUA-OsUOA
_dUA-OsUOA
245 _aНа межі літа
_bпоезії
300 _a125 с.
955 _a3
041 _aukr
080 _a821.161.2
020 _a5-333-00853-1
260 _aК.
_bРад. письменник
_c1990
650 7 _a82 Література. Літературознавство
_2UDC
999 _c390217
_d390217